[Event "GER-ch U16"]
[Site "Willingen"]
[Date "2023.05.28"]
[Round "1"]
[White "Bier, Bela"]
[Black "Metzdorf, Matteo"]
[Result "1-0"]
[WhiteElo "1987"]
[BlackElo "2099"]
[PlyCount "133"]
[EventDate "2023.05.27"]
[EventType "swiss"]
[EventRounds "9"]
[EventCountry "GER"]
[SourceTitle "CBM 214 Extra"]
[Source "ChessBase"]
[SourceDate "2023.07.31"]
[SourceVersion "1"]
[SourceVersionDate "2023.07.31"]
[SourceQuality "1"]

1. d4 Nf6 2. c4 e6 3. Nf3 d5 4. g3 Be7 5. Bg2 0-0 6. 0-0 dxc4 7. Qa4 a6 8. Qxc4 b5 9. Qc2 Bb7 10. Bg5 Nbd7 11. Bxf6 Nxf6 12. Nbd2 Rc8 13. Nb3 Be4 14. Qc3 c6 15. Rfc1 Nd5 16. Qd2 Nb6 17. e3 Qd5 18. Ne1 Bxg2 19. Nxg2 Nc4 20. Qe2 e5 21. e4 Qe6 22. Rd1 Rfd8 23. Rac1 a5 24. d5 cxd5 25. exd5 Qb6 26. Ne3 Nxe3 27. Qxe3 Qxe3 28. fxe3 Rxc1 29. Nxc1 Bc5 30. Kf2 e4 31. Ne2 b4 32. g4 g6 33. Ng3 Re8 34. Rc1 Bd6 35. Rc4 f5 36. gxf5 gxf5 37. Rc6 Be5 38. b3 Rd8 39. Rc5 Ra8 40. Kg2 Bxg3 41. Kxg3 a4 42. Rb5 axb3 43. axb3 Ra2 44. Rxb4 Rd2 45. Rb5 Kf7 46. Kf4 Rf2+ 47. Ke5 f4 48. Rb7+ Kf8 49. Kxe4 fxe3 50. Kxe3 Rxh2 51. Ke4 h5 52. Ke5 Re2+ 53. Kd6 h4 54. Rh7 Rb2 55. Rxh4 Rxb3 56. Re4 Kf7 57. Kd7 Rb7+ 58. Kc6 Rb1 59. d6 Rc1+ 60. Kd7 Kf6 61. Kd8 Rd1 62. d7 Rd2 63. Ke8 Kf5 64. Re1 Rh2 65. d8Q Rh8+ 66. Kd7 Rxd8+ 67. Kxd8 1-0

[Event "GER-ch U18 sf Berlin Online"]
[Site "Playchess.com INT"]
[Date "2020.05.01"]
[Round "10"]
[White "Lohvinov, Petro"]
[Black "Metzdorf, Matteo"]
[Result "0-1"]
[WhiteElo "1727"]
[BlackElo "1864"]
[PlyCount "84"]
[EventDate "2020.05.01"]
[EventType "swiss (blitz)"]
[EventRounds "13"]
[EventCountry "GER"]
[SourceTitle "CBM 195 Extra"]
[Source "ChessBase"]
[SourceDate "2020.05.31"]
[SourceVersion "1"]
[SourceVersionDate "2020.05.31"]
[SourceQuality "1"]

1. e4 c5 2. Nf3 e6 3. d4 cxd4 4. Nxd4 a6 5. Bd3 Nc6 6. Nxc6 dxc6 7. 0-0 e5 8. Nc3 Nf6 9. Be3 Ng4 10. Bd2 Bc5 11. h3 Nf6 12. Bg5 h6 13. Bh4 0-0 14. Qf3 Be7 15. Rad1 Qc7 16. a4 Be6 17. Ne2 b5 18. Ng3 c5 19. Nf5 Bxf5 20. Qxf5 c4 21. Be2 Rad8 22. b3 Qc5 23. a5 Rfe8 24. Bxf6 Bxf6 25. Rd7 Rxd7 26. Qxd7 Rd8 27. Qb7 Rd2 28. Bg4 Bh4 29. Qa8+ Kh7 30. Qe8 Qe7 31. Qxe7 Bxe7 32. bxc4 bxc4 33. Rb1 Rxc2 34. Rb6 Bc5 35. Rxa6 Rxf2 36. Kh2 c3 37. Rc6 Bd4 38. a6 Ra2 39. Bc8 c2 40. Bb7 Be3 41. Rc8 Bf4+ 42. g3 c1Q+ 0-1

[Event "GER-ch Net Amateur Gr-B Final"]
[Site "Playchess.com INT"]
[Date "2020.04.18"]
[Round "11"]
[White "Lippmann, Kai"]
[Black "Metzdorf, Matteo"]
[Result "1/2-1/2"]
[WhiteElo "1742"]
[BlackElo "1845"]
[PlyCount "104"]
[EventDate "2020.04.18"]
[EventType "swiss (blitz)"]
[EventRounds "13"]
[EventCountry "GER"]
[SourceTitle "CBM 195 Extra"]
[Source "ChessBase"]
[SourceDate "2020.05.31"]
[SourceVersion "1"]
[SourceVersionDate "2020.05.31"]
[SourceQuality "1"]

1. c4 e6 2. Nc3 d5 3. d4 Nf6 4. g3 Be7 5. Bg2 0-0 6. e3 c6 7. b3 Nbd7 8. Nge2 b6 9. 0-0 Bb7 10. Bb2 Rc8 11. Rc1 c5 12. cxd5 Nxd5 13. Nxd5 Bxd5 14. dxc5 Bxg2 15. Kxg2 Nxc5 16. Nd4 Qd5+ 17. f3 Bf6 18. Qe2 Rfd8 19. Rfd1 Qb7 20. Nb5 Bxb2 21. Qxb2 Qe7 22. Nd4 h6 23. Rc2 Qf6 24. Rcd2 a6 25. Qa3 e5 26. Ne2 Rxd2 27. Rxd2 Rd8 28. Qb2 Rxd2 29. Qxd2 Qe6 30. e4 Qc6 31. Qc3 Qd6 32. h4 f6 33. g4 Qd3 34. Qxd3 Nxd3 35. Kg3 Kf7 36. f4 exf4+ 37. Nxf4 Nc1 38. Nd5 Nxa2 39. Nxb6 Nc1 40. b4 Nd3 41. Nd5 Kf8 42. Kf3 Ne5+ 43. Kf4 Nc6 44. Kf5 Kf7 45. h5 Nd4+ 46. Kf4 Nc6 47. Ke3 Ne5 48. Kf4 Nd3+ 49. Ke3 Ne5 50. Kf4 Nc6 51. Kf5 Nd4+ 52. Kf4 Nc6 1/2-1/2

[Event "GER-ch Net Amateur Gr-B Vor3"]
[Site "Playchess.com INT"]
[Date "2020.04.16"]
[Round "2"]
[White "Metzdorf, Matteo"]
[Black "Mader, Lena"]
[Result "1/2-1/2"]
[WhiteElo "1856"]
[BlackElo "1677"]
[PlyCount "160"]
[EventDate "2020.04.16"]
[EventType "swiss (blitz)"]
[EventRounds "9"]
[EventCountry "GER"]
[SourceTitle "CBM 195 Extra"]
[Source "ChessBase"]
[SourceDate "2020.05.31"]
[SourceVersion "1"]
[SourceVersionDate "2020.05.31"]
[SourceQuality "1"]

1. e4 c6 2. Nc3 d5 3. Nf3 dxe4 4. Nxe4 Nf6 5. Nxf6+ exf6 6. d4 Bd6 7. Bd3 0-0 8. 0-0 Bg4 9. h3 Bh5 10. Re1 Nd7 11. Be3 Nb6 12. c4 Nd7 13. Rc1 Rc8 14. Be2 Re8 15. a3 Qc7 16. b4 Bf4 17. Bxf4 Qxf4 18. Qd3 Bg6 19. Qd2 Qxd2 20. Nxd2 Nb6 21. Bg4 Rcd8 22. Bf3 Kf8 23. Rxe8+ Rxe8 24. Nf1 Bd3 25. Ne3 g6 26. d5 cxd5 27. c5 Nc4 28. Nxd5 Ne5 29. Bd1 Kg7 30. Bc2 Bxc2 31. Rxc2 Rd8 32. Ne3 Rd3 33. Ra2 Nc6 34. Kf1 f5 35. Ke2 Rd7 36. Nc4 Kf6 37. Rd2 Rxd2+ 38. Kxd2 Ke6 39. Nd6 b6 40. Ne8 bxc5 41. bxc5 Kd5 42. Nf6+ Kxc5 43. Nxh7 Ne5 44. Ng5 Kc4 45. f4 Nd3 46. Nxf7 Nxf4 47. Ne5+ Kb3 48. g3 Nxh3 49. Nxg6 Kxa3 50. Ne7 f4 51. gxf4 Nxf4 52. Nc6 a6 53. Nb8 a5 54. Kc1 Nd3+ 55. Kc2 Nb4+ 56. Kb1 Kb3 57. Nd7 Nd3 58. Nb6 Nc5 59. Ka1 Nd3 60. Kb1 Kb4 61. Ka2 Nc1+ 62. Kb1 Nd3 63. Ka2 Nc5 64. Kb2 Ne4 65. Ka2 Nd2 66. Kb2 Kb5 67. Nd5 Nc4+ 68. Kb3 Nd2+ 69. Kb2 Nc4+ 70. Kb3 Nd6 71. Nc3+ Ka6 72. Na4 Nb5 73. Nc3 Nxc3 74. Kxc3 Kb5 75. Kb2 Ka4 76. Ka1 Ka3 77. Kb1 a4 78. Ka1 Kb3 79. Kb1 a3 80. Ka1 a2 1/2-1/2

[Event "GER-ch Net Amateur Gr-B Vor3"]
[Site "Playchess.com INT"]
[Date "2020.04.16"]
[Round "3"]
[White "Schulz, Bernd"]
[Black "Metzdorf, Matteo"]
[Result "0-1"]
[WhiteElo "1672"]
[BlackElo "1856"]
[PlyCount "64"]
[EventDate "2020.04.16"]
[EventType "swiss (blitz)"]
[EventRounds "9"]
[EventCountry "GER"]
[SourceTitle "CBM 195 Extra"]
[Source "ChessBase"]
[SourceDate "2020.05.31"]
[SourceVersion "1"]
[SourceVersionDate "2020.05.31"]
[SourceQuality "1"]

1. e4 c5 2. c3 e6 3. d4 d5 4. exd5 exd5 5. Nf3 Nc6 6. Be2 Bd6 7. 0-0 Nge7 8. Bg5 f6 9. Bh4 0-0 10. Bg3 Bf5 11. dxc5 Bxc5 12. Nd4 Bg6 13. Nb3 Bd6 14. N1d2 Rc8 15. Nf3 a6 16. Bd3 Qd7 17. Bxg6 hxg6 18. Qd3 b5 19. Nbd4 Bxg3 20. hxg3 Ne5 21. Nxe5 fxe5 22. Nf3 e4 23. Ne5 Qe6 24. Qd4 Nf5 25. Qa7 Qxe5 26. Qxa6 d4 27. cxd4 Nxd4 28. Rfe1 Nc2 29. Rac1 Ra8 30. Qc6 Nxe1 31. Rxe1 Qf6 32. Re2 Qxc6 0-1

[Event "GER-ch U12"]
[Site "Willingen"]
[Date "2019.06.13"]
[Round "7"]
[White "Foerster Yialamas, Lucas"]
[Black "Metzdorf, Matteo"]
[Result "1-0"]
[WhiteElo "1981"]
[BlackElo "1837"]
[PlyCount "65"]
[EventDate "2019.06.08"]
[EventType "swiss"]
[EventRounds "9"]
[EventCountry "GER"]
[SourceTitle "CBM 191 Extra"]
[Source "ChessBase"]
[SourceDate "2019.09.30"]
[SourceVersion "1"]
[SourceVersionDate "2019.09.30"]
[SourceQuality "1"]

1. e4 c5 2. Nf3 e6 3. d4 cxd4 4. Nxd4 a6 5. Bd3 Qc7 6. c4 Nc6 7. Nxc6 dxc6 8. Nc3 Nf6 9. 0-0 e5 10. h3 Be6 11. Be3 Nd7 12. Qc2 f6 13. Be2 a5 14. Na4 Be7 15. c5 0-0 16. Bc4 Bf7 17. Rfd1 Rad8 18. Qc3 h5 19. Bxf7+ Rxf7 20. Nb6 Nxb6 21. cxb6 Qb8 22. Qxa5 f5 23. Rxd8+ Bxd8 24. exf5 Rxf5 25. Rd1 Qc8 26. Qd2 Bh4 27. g3 Be7 28. Qd7 Qf8 29. Qxb7 h4 30. g4 Rf3 31. Qxc6 Kh8 32. b7 Bd8 33. b8Q 1-0